000 00463nam a2200169Ia 4500
008 150610s9999 xx 000 0 und d
020 _a375829164
050 _aPZ7
_b.H52Ho 2002 
100 _aHiaasen, Carl
245 _aHoot /
_cCarl Hiaasen.
260 _aCanada :
_bRandom House, 
_c2002.
300 _a292pages ;
_c20 cm.
520 _aFiction.
650 _aEnvironmetal protection
_xFiction.
650 _aFlorida
_bFiction.
650 _aOwls
_xFiction.
999 _c287845
_d287845